Resulullah’a göre aile ve okulda çocuk terbiyesi (Record no. 34429)

MARC details
000 -LEADER
fixed length control field 00595nam a2200193Ia 4500
020 ## - INTERNATIONAL STANDARD BOOK NUMBER
ISBN 9757486493
050 ## - CALL MARK
Classification number BF 723 .C36/
100 ## - STATEMENT OF RESPONSIBILITY--MAIN AUTHOR NAME
Personal name Canan, İbrahim
245 #0 - TITLE STATEMENT
Title Resulullah’a göre aile ve okulda çocuk terbiyesi
250 ## - EDITION / VOLUME STATEMENT
Edition / Volume statement 9. bs.
260 ## - PUBLICATION, DISTRIBUTION, ETC. (IMPRINT)
Place of publication İstanbul
260 ## - PUBLICATION, DISTRIBUTION, ETC. (IMPRINT)
Name of publisher Cihan
260 ## - PUBLICATION, DISTRIBUTION, ETC. (IMPRINT)
Year of publication 1995
300 ## - PHYSICAL DESCRIPTION
Number of Pages 211 p
650 ## - SUBJECT ADDED ENTRY--TOPICAL TERM
Topical Term İslâm dini-Eğitim ve öğretim Parent and child Developmental psychology Child psychology Ebeveyn ve çocuk Gelişim psikolojisi Çocuk psikolojisi
942 ## - ADDED ENTRY ELEMENTS (KOHA)
Koha item type Books
Holdings
Withdrawn status Lost status Source of classification or shelving scheme Damaged status Not for loan Permanent Location Current Location Date acquired Accession Number Price effective from Koha item type
    Library of Congress Classification     NILE UNIVERSITY OF NIGERIA - MAIN LIBRARY NILE UNIVERSITY OF NIGERIA - MAIN LIBRARY 04/23/2025 0005840 04/23/2025 Books